Improving business results

Guardado en:
Detalles Bibliográficos
Autor principal: Humble, John W.
Formato: Libro
Lenguaje:Undetermined
Publicado: Brussels Management Centre Europe 1968
Materias:
Etiquetas: Agregar Etiqueta
Sin Etiquetas, Sea el primero en etiquetar este registro!
Thư viện lưu trữ: Trung tâm Học liệu Trường Đại học Cần Thơ
LEADER 00445nam a2200169Ia 4500
001 CTU_79024
008 210402s9999 xx 000 0 und d
082 |a 658 
082 |b H919 
100 |a Humble, John W. 
245 0 |a Improving business results 
245 0 |c John W. Humble 
260 |a Brussels 
260 |b Management Centre Europe 
260 |c 1968 
650 |a Management 
980 |a Trung tâm Học liệu Trường Đại học Cần Thơ